000 00413nam a22001697a 4500
005 20160614102919.0
008 160614b xxu||||| |||| 00| 0 eng d
020 _a0-7494-4232-8
041 _aeng
082 _b7330
100 _aDavis, Anthony
_91839
245 _aEvery thing you should know about rulic relations
260 _bkagon pege
_c2004
300 _a274
650 _aManagement
_9241
942 _cBK
999 _c2585
_d2584